Konkurenčná schopnosť a kapitálová vybavenosť slovenského poľnohospodárstva po vstupe do EÚ

Kapitálová vybavenosť slovenského poľnohospodárstva a poľnohospodárskych podnikov v kontexte so vstupom SR do EÚ a nutnosť zvyšovania konkurenčnej schopnosti agrosektora. Monitorovanie vývoja kapitálovej vybavenosti odvetvia, komparácia jeho úrovne s krajinami EÚ a analýza prístupu podnikov k vybave...

ver descrição completa

Na minha lista:
Detalhes bibliográficos
Autor principal: Grznár, Miroslav
Formato: Capítulo de Livro
Idioma:eslovaco
Assuntos:
Tags: Adicionar Tag
Sem tags, seja o primeiro a adicionar uma tag!

MARC

LEADER 00000naa$a2200000$$$4500
001 0046354
005 20240502071533.9
041 0 |a slo 
044 |a SK 
245 1 0 |a Konkurenčná schopnosť a kapitálová vybavenosť slovenského poľnohospodárstva po vstupe do EÚ  |c Miroslav Grznár 
520 |a Kapitálová vybavenosť slovenského poľnohospodárstva a poľnohospodárskych podnikov v kontexte so vstupom SR do EÚ a nutnosť zvyšovania konkurenčnej schopnosti agrosektora. Monitorovanie vývoja kapitálovej vybavenosti odvetvia, komparácia jeho úrovne s krajinami EÚ a analýza prístupu podnikov k vybavenosti fixným kapitálom a k jeho využívaniu v súbore podnikov v kukuričnej oblasti v roku 2004. Zhodnotenie zdrojov kapitálového rozvoja podnikov. 
610 2 0 |a poľnohospodárstvo 
610 2 0 |a podnik poľnohospodársky 
610 2 0 |a Slovensko 
610 2 0 |a disparita 
610 2 0 |a kapitál 
610 2 0 |a kapitál fixný 
610 2 0 |a konkurencieschopnosť 
610 2 0 |a Európska únia 
100 1 |a Grznár, Miroslav